| 000 | 01138nam a22002057a 4500 | ||
|---|---|---|---|
| 999 |
_c26269 _d26269 |
||
| 003 | BDDh-ASL | ||
| 005 | 20231015030625.0 | ||
| 008 | 211002s2006 b ||||| |||| 00| 0 b d | ||
| 040 | _cBDDh-ASL | ||
| 082 |
_a923.79144 _bKAP |
||
| 100 | 1 |
_94755 _aকাফিল, আহমাদ |
|
| 245 | 0 | 0 | _aপ্রিন্সিপাল ইবরাহীম খাঁ স্মৃতিগ্রন্থ / |
| 246 | _aPrincipal Ibrahim Kha Smritigrantha | ||
| 260 |
_aঢাকা: _bঝিঙেফুল, _c২০০৬। |
||
| 300 |
_a৩৩৬ পৃষ্ঠা, : _c২২ সে. মি. |
||
| 650 | 0 |
_92694 _aEssay |
|
| 650 | 0 |
_aCommemoration Volume (স্মারকগ্রন্থ), Memoirs, স্মারকগ্রন্থ, Smārakagrantha, Souvenir, স্মরণিক, স্মারকগ্রন্থ, স্মৃতিকথা, Smr̥tikathā, Memoirs, Reminiscences, স্মরণিকা, Smaraṇikā, Souvenir, স্যুভেনির, অভিজ্ঞান, Syubhēnira, so͞ovəˈnir, memorial, souvenir, remembrancer _94668 |
|
| 650 | 0 |
_92263 _aLiterary Criticism |
|
| 942 |
_2ddc _cBK |
||